Fables of fun and fancy (Record no. 37480)

MARC details
000 -LEADER
fixed length control field 00252nam a2200109Ia 4500
082 ## - DEWEY DECIMAL CLASSIFICATION NUMBER
Classification number 82-7
Item number MAL
100 ## - MAIN ENTRY--AUTHOR NAME
Personal name Mali
245 #0 - TITLE STATEMENT
Title Fables of fun and fancy
260 ## - PUBLICATION, DISTRIBUTION, ETC. (IMPRINT)
Place of publication Bombay
Name of publisher Subhash
Year of publication 1972
942 ## - ADDED ENTRY ELEMENTS (KOHA)
Koha item type Books
Holdings
Withdrawn status Lost status Damaged status Not for loan Home library Current library Date acquired Full call number Accession Number Koha item type
      Write off RRII Library RRII Library 16/12/2021 82-7 MAL 17863 Books